[Event "EU-chT prel"]
[Site "Aarhus"]
[Date "1971.09.06"]
[Round "2"]
[White "Malich, Burkhard"]
[Black "Jakobsen, Ole"]
[Result "1-0"]
[WhiteElo "2450"]
[BlackElo "2430"]

1.d4 Nf6 2.c4 c5 3.d5 e6 4.Nc3 exd5 5.cxd5 d6 6.Nf3 g6 7.Bf4 a6 8.a4 Bg7
9.e4 O-O 10.Nd2 Nh5 11.Be3 Nd7 12.Be2 Ne5 13.O-O Qh4 14.f4 Ng4 15.Bxg4 Bxg4
16.Qe1 Qxe1 17.Raxe1 Rfe8 18.Nc4 Bxc3 19.bxc3 Rxe4 20.Nxd6 Rxa4 21.Nxb7 Rc4
22.Nxc5 Nf6 23.d6 Rxc3 24.h3 Bd7 25.Bd4 Rc4 26.Bxf6 Rxc5 27.Re7 Rd8 28.Rb1 Rcc8
29.Re5 Bf5 30.Bxd8 Rxd8 31.Rb6 Bd3 32.Kf2 h5 33.Ke3 Bb5 34.f5 Kg7 35.fxg6 fxg6
36.g4 hxg4 37.hxg4 Kh6 38.Kf4 Rf8+ 39.Kg3 Rf1 40.Rd5 Rf8 41.Rb7 g5 42.Re7  1-0

[Event "IBM-B"]
[Site "Amsterdam"]
[Date "1971.??.??"]
[Round "8"]
[White "Malich, Burkhard"]
[Black "Enklaar, Bertus F"]
[Result "1/2-1/2"]
[WhiteElo "2450"]
[BlackElo "2400"]

1.d4 Nf6 2.c4 e6 3.Nf3 c5 4.d5 exd5 5.cxd5 d6 6.Nc3 g6 7.Bf4 a6 8.a4 Bg7
9.e4 O-O 10.Be2 Qe7 11.Nd2 Nbd7 12.O-O Ne5 13.h3 Nfd7 14.Qc2 f5 15.exf5 gxf5
16.Rae1 Qf6 17.Bd3 Qh4 18.Ne2 Nxd3 19.Qxd3 Ne5 20.Qc2 Bd7 21.b3 Rfe8 22.Bg3 Qb4
23.f4 Nf7 24.Nc4 Re4 25.Nc1 Rxc4 26.bxc4 Qxa4 27.Qxa4 Bxa4 28.Re2 Bf6 29.Be1 Bd7
30.Nb3 b5 31.Na5 b4 32.Rf3 Kf8 33.Kf1 Bd8 34.Ra2 Rb8 35.Rb3 Ra8 36.Bd2 Bxa5
37.Rxa5 Nd8 38.Bc1 Nb7 39.Ra1 a5 40.Bb2 Be8 41.Rg3 Bg6 42.h4 a4 43.h5 Bxh5
44.Rg7 a3 45.Bxa3 Be2+ 46.Kxe2 Re8+ 47.Kf3 Kxg7 48.Bb2+ Kg6 49.Ra7 Rb8 50.Ra6 Kf7
51.Rb6  1/2-1/2

[Event "HUN-ch"]
[Site "Budapest"]
[Date "1971.??.??"]
[Round "8"]
[White "Portisch, Lajos"]
[Black "Honfi, Karoly"]
[Result "1-0"]
[WhiteElo "2630"]
[BlackElo "2435"]

1.d4 Nf6 2.c4 c5 3.d5 e6 4.Nc3 exd5 5.cxd5 d6 6.Nf3 g6 7.Bf4 a6 8.a4 Bg7
9.e4 O-O 10.Be2 Bg4 11.h3 Bxf3 12.Bxf3 Qc7 13.O-O Nbd7 14.Qc2 Rfe8 15.a5 Rac8
16.Ra4 Ne5 17.Be2 Qe7 18.Re1 Nfd7 19.b3 Qf6 20.Bd2 c4 21.bxc4 Nc5 22.Ra3 Rc7
23.Nd1 Qh4 24.Bf1 Ned7 25.g3 Qd8 26.Bg2 Nf6 27.Rae3 Ncd7 28.Nb2 Nh5 29.Bc3 Bxc3
30.Qxc3 Rc5 31.Nd3 Rxa5 32.e5 dxe5 33.c5 Rb5 34.c6 bxc6 35.dxc6 Nb6 36.c7 Qc8
37.Nxe5 Ng7 38.Nc6 Ne6 39.Na7 Qd7 40.Bc6 Qe7 41.Bxe8 Rc5 42.Qb3 Qxc7 43.Bxf7+  1-0

[Event "CSR-ch"]
[Site "Luhacovice"]
[Date "1971.??.??"]
[Round "5"]
[White "Antoshin, Vladimir S"]
[Black "Honfi, Karoly"]
[Result "0-1"]
[WhiteElo "2510"]
[BlackElo "2435"]

1.d4 Nf6 2.c4 c5 3.d5 e6 4.Nc3 exd5 5.cxd5 d6 6.Nf3 g6 7.Bg5 h6 8.Bh4 g5
9.Bg3 Nh5 10.e3 Nxg3 11.hxg3 Bg7 12.Bd3 Nd7 13.Qc2 Qe7 14.O-O O-O 15.Rae1 a6
16.a4 Rb8 17.Re2 Nb6 18.Qb3 Qc7 19.Bb1 Bg4 20.Qc2 Rfe8 21.Ree1 Nd7 22.Nh2 Bh5
23.f4 Bg6 24.f5 Bh7 25.Ng4 Ne5 26.Nf2 b5 27.axb5 axb5 28.Nfe4 b4 29.Nd1 c4
30.Ndf2 Rb5 31.Rd1 Rc8 32.Qe2 Ra5 33.Ng4 Nxg4 34.Qxg4 f6 35.Rc1 Kf8 36.Bd3 c3
37.bxc3 Rxd5 38.Ba6 Re8 39.cxb4 Qb6 40.Bc8 Qxe3+ 41.Nf2 Bg8 42.Bd7 Rd4 43.Qh3 g4
44.Qh2 Bc4 45.Bxe8 Bxf1 46.Qh5 Qxe8 47.Qxe8+ Kxe8 48.Kxf1 Rxb4 49.Rc8+ Kf7
50.Rc7+ Kg8 51.Nd1 Re4 52.Nf2 Rd4 53.Ke2 h5 54.Ke3 Rd5 55.Ne4 Bh6+ 56.Ke2 Re5
57.Kd3 Rxf5 58.Kd4 d5 59.Nd6 Re5 60.Nf7 Be3+ 61.Kd3 Re6 62.Nd8 Re8 63.Nf7 Re6
64.Nd8 Re8 65.Nf7 Rf8 66.Nd6 Bf2 67.Nf5 Ra8 68.Ne7+ Kf7 69.Nxd5+ Kg6 70.Rc6 Rf8
71.Nf4+ Kh6 72.Ke4 Bxg3 73.Ne6 Ra8 74.Kf5 Be5 75.Nc5 Ra5 76.Nd7 Ba1+ 77.Ke6 Kg5
78.Kf7 h4  0-1

[Event "Novy Smokovec"]
[Site "Novy Smokovec"]
[Date "1971.??.??"]
[Round "13"]
[White "Balcerowski, Witold"]
[Black "Privara, Igor"]
[Result "1/2-1/2"]
[WhiteElo "2380"]
[BlackElo "2200"]

1.d4 Nf6 2.c4 e6 3.Nf3 c5 4.d5 exd5 5.cxd5 d6 6.Nc3 g6 7.e4 Bg7 8.Be2 O-O
9.O-O Re8 10.Nd2 Na6 11.f3 Nc7 12.a4 b6 13.Kh1 Nd7 14.Nc4 Ne5 15.Ne3 f5 16.f4 Nf7
17.exf5 gxf5 18.Rf3 Bd7 19.Bd2 a6 20.Rg3 b5 21.axb5 axb5 22.Rxa8 Qxa8 23.Bh5 Re7
24.h3 Ne8 25.Nxb5 Rxe3 26.Rxe3 Bxb5 27.Bxf7+ Kxf7 28.Qh5+ Kg8 29.Qxf5 Qa1+
30.Be1 Qxb2 31.Qe6+ Kf8 32.Bh4 Bf6 33.Kh2 Bxh4 34.Qh6+ Qg7 35.Qxh4 Nf6 36.Re6 Ne8
37.Re3 Nf6 38.Rg3 Qf7 39.Qh6+ Ke8 40.Re3+ Kd7 41.Rb3 Ba6 42.Rg3 Ne8 43.Rb3 Kc7  1/2-1/2

[Event "WchT U26"]
[Site "Graz"]
[Date "1972.??.??"]
[Round "7"]
[White "Anikaev, Yuri N"]
[Black "Tarjan, James Edward"]
[Result "1/2-1/2"]
[WhiteElo "2475"]
[BlackElo "2405"]

1.d4 Nf6 2.c4 e6 3.Nc3 c5 4.d5 exd5 5.cxd5 d6 6.Nf3 g6 7.Nd2 Bg7 8.Nc4 O-O
9.g3 b6 10.Bg2 Ba6 11.Qb3 Bxc4 12.Qxc4 a6 13.O-O b5 14.Qh4 Nbd7 15.Bg5 Re8
16.Rfe1  1/2-1/2

[Event "WchT U26"]
[Site "Graz"]
[Date "1972.??.??"]
[Round "9"]
[White "Garcia Gonzales, Guillermo"]
[Black "Urzica, Aurel"]
[Result "1-0"]
[WhiteElo "2200"]
[BlackElo "2260"]

1.d4 Nf6 2.c4 c5 3.d5 e6 4.Nc3 exd5 5.cxd5 d6 6.Nf3 g6 7.Bf4 a6 8.a4 Bg7
9.e4 O-O 10.Be2 Bg4 11.O-O Re8 12.Qc2 Bxf3 13.Bxf3 Qc7 14.Rfd1 Nbd7 15.Rac1 Rab8
16.Be2 c4 17.b4 cxb3 18.Qxb3 Nc5 19.Qb4 Nfd7 20.Bf1 Ne5 21.Be3 Qd8 22.f3 f5
23.exf5 gxf5 24.Bf2 Qe7 25.Ne2 Kh8 26.Nd4 f4 27.Rc4 Rf8 28.Re1 Rf6 29.Qb1 Qf7
30.Ne6 Rxe6 31.dxe6 Nxe6 32.Ba7 Rg8 33.Qxb7  1-0

[Event "URS-chT Moscow"]
[Site "Moscow"]
[Date "1972.??.??"]
[Round "?"]
[White "Kaunas, Kestutis"]
[Black "Mamatov, Dair"]
[Result "0-1"]
[WhiteElo "2410"]
[BlackElo "2200"]

1.d4 Nf6 2.c4 e6 3.Nf3 c5 4.d5 exd5 5.cxd5 d6 6.Nc3 a6 7.a4 Nbd7 8.e4 g6
9.Be2 Bg7 10.O-O O-O 11.Bf4 Qe7 12.Nd2 Ne5 13.h3 Nfd7 14.Bg3 g5 15.Qc2 Ng6
16.Bg4 Nde5 17.Bxc8 Raxc8 18.Nd1 Nf4 19.Nc4 Nxc4 20.Qxc4 b5 21.axb5 axb5
22.Qc2 Rfe8 23.Bxf4 gxf4 24.f3 Bd4+ 25.Kh1 Qf6 26.Ra5 b4 27.b3 Ra8 28.Qa2 Qd8
29.Ra4 Qb8 30.Nb2 Rxa4 31.Nxa4 Qb5 32.Rd1 Ra8 33.Qc2 Be5 34.Nb2 Ra2 35.Qc4 Qxc4
36.Nxc4 f6 37.Kg1 Kf7 38.Rd2 Ra1+ 39.Kf2 Bc3 40.Nxd6+ Ke7 41.Nf5+ Kd7 42.Rd3 Rc1
43.d6 c4 44.bxc4 b3  0-1

[Event "URS-chT Moscow"]
[Site "Moscow"]
[Date "1972.??.??"]
[Round "?"]
[White "Petrosian, Tigran V"]
[Black "Kapengut, Albert Z"]
[Result "1/2-1/2"]
[WhiteElo "2645"]
[BlackElo "2485"]

1.d4 Nf6 2.c4 c5 3.d5 e6 4.Nc3 exd5 5.cxd5 d6 6.Nf3 g6 7.Nd2 Nbd7 8.e4 Bg7
9.Be2 O-O 10.O-O Qe7 11.a4 b6 12.Re1 Rb8 13.f4 a6 14.Bf3 b5 15.axb5 axb5
16.Ra5 b4 17.Na4 h5 18.Nc4 Ng4 19.e5 dxe5 20.Bxg4 hxg4 21.fxe5 b3 22.e6 fxe6
23.dxe6 Qh4 24.Ra7 g3 25.hxg3 Qxg3 26.exd7 Qf2+  1/2-1/2

[Event "Rubinstein mem"]
[Site "Polanica Zdroj"]
[Date "1972.??.??"]
[Round "2"]
[White "Cobo Arteaga, Eldis"]
[Black "Holm Petersen, Sejer"]
[Result "1-0"]
[WhiteElo "2420"]
[BlackElo "2395"]

1.d4 Nf6 2.c4 c5 3.d5 e6 4.Nc3 exd5 5.cxd5 d6 6.Nf3 g6 7.e4 Bg7 8.Be2 a6
9.a4 Bg4 10.Bf4 O-O 11.Nd2 Bxe2 12.Qxe2 Nh5 13.Be3 Qf6 14.g3 Nd7 15.O-O Qe7
16.Ra3 Rab8 17.Rb3 Bd4 18.a5 Nhf6 19.f3 Rfe8 20.Qf2 Bxe3 21.Qxe3 h5 22.Qg5 b5
23.axb6 Rxb6 24.Rxb6 Nxb6 25.Ra1 Nfxd5 26.Qxe7 Nxe7 27.Rxa6 Rb8 28.b3 d5
29.exd5 Nexd5 30.Nxd5 Nxd5 31.Ra5 Nb4 32.Rxc5 Rd8 33.Ne4 Rd1+ 34.Kg2 f5 35.Nf2 Rd2
36.Rc3 Kf7 37.f4 Nd5 38.Rd3 Rxd3 39.Nxd3 Nc3 40.Kf3 Ke6 41.Ke3 Ne4 42.Kd4 Nd2
43.b4 Nf1 44.Kc5 Nxh2 45.b5 Nf3 46.b6 Kd7 47.Ne5+ Nxe5  1-0

[Event "Rubinstein mem"]
[Site "Polanica Zdroj"]
[Date "1972.??.??"]
[Round "11"]
[White "Razuvaev, Yuri S"]
[Black "Holm Petersen, Sejer"]
[Result "1-0"]
[WhiteElo "2490"]
[BlackElo "2395"]

1.d4 Nf6 2.c4 c5 3.d5 e6 4.Nc3 exd5 5.cxd5 d6 6.Nf3 g6 7.Bg5 h6 8.Bh4 g5
9.Bg3 Nh5 10.e3 Nxg3 11.hxg3 Bg7 12.Bd3 O-O 13.Qc2 f5 14.O-O Na6 15.a3 Nc7
16.Rad1 b5 17.e4 fxe4 18.Bxe4 a5 19.b4 axb4 20.axb4 Ra3 21.Ne2 Na6 22.bxc5 Nxc5
23.Nfd4 b4 24.Nc6 b3 25.Qc1 b2 26.Qc2 Qc7 27.Ned4 Nxe4 28.Qxe4 Ra4 29.Ne7+ Qxe7
30.Qxe7 Rxd4 31.Qxg7+ Kxg7 32.Rxd4 Bf5 33.Rb4 b1=Q 34.Rfxb1 Bxb1 35.Rxb1 Rf5
36.Rd1 Kf6 37.g4 Rf4 38.f3 Ke5 39.Kf2 Rd4 40.Rh1 Kf4 41.g3+ Ke5 42.Rxh6 Rxd5
43.Rg6 Kd4 44.Re6 Kc3 45.f4 Rd2+ 46.Kf3 Rd3+ 47.Ke4 Rxg3 48.fxg5 d5+ 49.Kxd5 Rxg4
50.g6 Rg5+ 51.Kd6 Kd4 52.Ke7 Kd5 53.Kf7 Rg2 54.Rf6 Ra2 55.g7 Ra7+ 56.Kg6  1-0

[Event "Skopje ol (Men) fin-B"]
[Site "Skopje"]
[Date "1972.??.??"]
[Round "2"]
[White "Mariotti, Sergio"]
[Black "Kraidman, Yair"]
[Result "1/2-1/2"]
[WhiteElo "2470"]
[BlackElo "2455"]

1.d4 Nf6 2.c4 c5 3.d5 e6 4.Nc3 exd5 5.cxd5 d6 6.Nf3 g6 7.Nd2 Bg7 8.Nc4 O-O
9.Bf4 Ne8 10.Qd2 b6 11.e3 Ba6 12.a4 Bxc4 13.Bxc4 Nd7 14.Ba6 Ne5 15.O-O Rb8
16.Be2 f5 17.Bg3 Rf7 18.e4 Qf6 19.f4 Nd7 20.e5 dxe5 21.Ne4 Qd8 22.Ng5 e4
23.Nxf7 Kxf7 24.Bf2 Nd6 25.Rab1 a5 26.Be3 Nf6 27.h3 Nh5 28.Rfc1 Ng3 29.Kh2 Nxe2
30.Qxe2 h5 31.Qd1 Ra8 32.g3 Qh8 33.h4 Qe8 34.b3 Qh8 35.Qd2 Rd8 36.Qe2 Ra8
37.Rc2 Bd4 38.Rd1 Bxe3 39.Qxe3 Qf6 40.Ra2 Qe7 41.Kg2 Rd8 42.Rc2 Rd7 43.Kf2 Ne8
44.Ke2 Nf6 45.Qc3  1/2-1/2

[Event "Skopje ol (Men) prel"]
[Site "Skopje"]
[Date "1972.??.??"]
[Round "3"]
[White "Filip, Miroslav"]
[Black "Kaldor, Avraham"]
[Result "1-0"]
[WhiteElo "2510"]
[BlackElo "2200"]

1.d4 Nf6 2.c4 c5 3.d5 e6 4.Nc3 exd5 5.cxd5 d6 6.Nf3 g6 7.Bg5 h6 8.Bh4 Bg7
9.e3 O-O 10.Nd2 a6 11.a4 Nbd7 12.Be2 b6 13.O-O Bb7 14.e4 g5 15.Bg3 Ne5 16.Bxe5 dxe5
17.Re1 Bc8 18.Nc4 g4 19.Qb3 b5 20.axb5 Nh5 21.b6 Rb8 22.Qa3 Nf4 23.Qxc5 f5
24.Bf1 Qg5 25.Kh1 Ng6 26.exf5 Bxf5 27.Nd6 Nh4 28.Rxa6 Qd2 29.Qe3 Qxb2 30.Nc4 Qb4
31.Na2 Qe7 32.Ra7 Qf6 33.Nb4 Bc8 34.Nc6 Rb7 35.Rxb7 Bxb7 36.N4a5 Qf7 37.Qc5 Bf6
38.d6 Kh8 39.Nxe5 Qg7 40.Nxb7 Qxb7 41.d7 Kg7 42.Qc7  1-0

[Event "Skopje ol (Men) prel"]
[Site "Skopje"]
[Date "1972.??.??"]
[Round "4"]
[White "Kanko, Ilkka"]
[Black "Holm Petersen, Sejer"]
[Result "1/2-1/2"]
[WhiteElo "2200"]
[BlackElo "2395"]

1.d4 Nf6 2.c4 c5 3.d5 e6 4.Nc3 exd5 5.cxd5 d6 6.Nf3 g6 7.Bf4 a6 8.a4 Bg7
9.e4 O-O 10.Be2 Bg4 11.O-O Re8 12.Qc2 Qc7 13.Rfe1 Nbd7 14.Nd2 Bxe2 15.Rxe2 Nh5
16.Be3 b6 17.g4 Nhf6 18.h3 Rab8 19.f4 b5 20.axb5 axb5 21.Ra6 b4 22.Nd1 Nb6
23.Nf2 Nfd7 24.b3 Qb7 25.Ra2 f5 26.gxf5 gxf5 27.Kh2 Nf6 28.exf5 Qxd5 29.Nf1 Qf3
30.Qd1 Nbd5 31.Bc1 Qh5 32.Ng3 Qh4 33.Rxe8+ Rxe8 34.Qf3 Nc3 35.Ra8 Rxa8 36.Qxa8+ Bf8
37.Qc8 d5 38.Kg2 Qh6 39.Qe6+ Kh8 40.Nd3 Ng8 41.Ne5 Qxe6 42.fxe6 Kg7 43.f5 Nf6
44.Bg5 c4 45.Nd7 cxb3 46.Bxf6+ Kg8 47.Nf1 Bh6 48.Bxc3 bxc3 49.f6 Bf8 50.Ne5 b2
51.e7 b1=Q 52.e8=Q Qe4+ 53.Kg3 Qe1+ 54.Kg2 Qe4+ 55.Kg3 Qe1+ 56.Kg4 Qe4+ 57.Kg3  1/2-1/2

[Event "Skopje ol (Men) prel"]
[Site "Skopje"]
[Date "1972.??.??"]
[Round "5"]
[White "Belkadi, Ridha"]
[Black "Cardoso, Radolfo Tan"]
[Result "0-1"]
[WhiteElo "2300"]
[BlackElo "2200"]

1.d4 Nf6 2.c4 e6 3.Nf3 c5 4.d5 exd5 5.cxd5 d6 6.Nc3 Nbd7 7.e4 a6 8.a4 Qe7
9.Bd3 g6 10.O-O Bg7 11.Bf4 O-O 12.h3 Nh5 13.Bh2 Rb8 14.Qe2 Bh6 15.g3 Ne5
16.Nxe5 dxe5 17.h4 Bh3 18.Rfe1 Kh8 19.Nd1 Ng7 20.f3 Bd7 21.Ne3 g5 22.hxg5 Bxg5
23.f4 Bf6 24.f5 Rg8 25.Kh1 Bg5 26.Rf1 Ne8 27.Ng2 b5 28.axb5 axb5 29.Ra7 c4
30.Bc2 Rb6 31.Rfa1 Rh6 32.R1a6 Nf6 33.Bd1 Qc5 34.Nh4 Bxh4 35.gxh4 Rxh4  0-1

[Event "Skopje ol (Men) fin-B"]
[Site "Skopje"]
[Date "1972.??.??"]
[Round "8"]
[White "Whiteley, Andrew J"]
[Black "Cornelis, Frans B"]
[Result "1/2-1/2"]
[WhiteElo "2310"]
[BlackElo "2320"]

1.d4 Nf6 2.c4 e6 3.Nc3 c5 4.d5 exd5 5.cxd5 d6 6.Nf3 g6 7.Nd2 Bg7 8.Nc4 O-O
9.Bg5 h6 10.Bh4 a6 11.a4 Qc7 12.e4 Nbd7 13.Be2 Re8 14.f3 Ne5 15.Nxe5 Rxe5
16.O-O Re8 17.a5 Nh5 18.Qd2 g5 19.Bf2 Nf4 20.Bc4 Qe7 21.Na4 Bd7 22.Nb6 Rad8
23.Nxd7 Rxd7 24.Rab1 Rc8 25.Rfc1 Ng6 26.Bf1 Rdc7 27.b4 cxb4 28.Rxc7 Rxc7
29.Qxb4 Be5 30.Bb6 Rc3 31.Ba7 g4 32.Bd4 Bxh2+ 33.Kxh2 Qh4+ 34.Kg1 g3 35.Bxa6 Rxf3
36.gxf3 Qh2+ 37.Kf1 bxa6 38.Bg1 Qh3+ 39.Ke2 Qg2+ 40.Ke3 Ne5 41.Qc3 Qxf3+
42.Kd4 Qe2 43.Qxg3+ Kh7 44.Kc3 Qc4+ 45.Kd2 Qa2+ 46.Kc1 Qc4+ 47.Kd1 Qf1+ 48.Kc2 Qe2+
49.Kc3 Qc4+ 50.Kd2 Qa2+ 51.Kc1 Qc4+ 52.Kd1 Qf1+ 53.Kc2 Qe2+ 54.Kb3 Qc4+ 55.Ka3 Nd3
56.Rb3 Qc1+  1/2-1/2

[Event "Skopje ol (Men) fin-C"]
[Site "Skopje"]
[Date "1972.??.??"]
[Round "10"]
[White "Onat, Ilhan"]
[Black "Pritchett, Craig William"]
[Result "1/2-1/2"]
[WhiteElo "2320"]
[BlackElo "2340"]

1.d4 Nf6 2.c4 c5 3.d5 e6 4.Nc3 exd5 5.cxd5 d6 6.Nf3 g6 7.Bf4 Bg7 8.Qa4+ Bd7
9.Qb3 Qc7 10.e4 O-O 11.Be2 b5 12.e5 dxe5 13.Bxe5 c4 14.Qd1 Qa5 15.Qd4 Ne8
16.Bxg7 Nxg7 17.O-O Qb6 18.a4 b4 19.Ne4 f5 20.Nc5 Rc8 21.Nxd7 Nxd7 22.Rfc1 Qxd4
23.Nxd4 Ne5 24.Nc6 Nxc6 25.dxc6 Rxc6 26.Bf3 Rac8 27.Bxc6 Rxc6 28.Rc2 Ne8
29.Rd1 Nd6 30.f3 Kf7 31.Kf2 Ke6 32.Ke3 Rc5 33.Rcd2 Re5+ 34.Kf2 Nc8 35.Rc1 Nb6
36.Re2 a5 37.Rxe5+ Kxe5 38.Ke2 Kd4 39.Rd1+ Kc5 40.Ra1 b3 41.Kd2 Kb4 42.Rd1 c3+
43.bxc3+ Kc4 44.Re1 Nxa4 45.Re7 Nc5 46.Rxh7 a4 47.Ra7 Kb5 48.g3 Kb6 49.Ra8 Kb7
50.Ra5  1/2-1/2

[Event "Skopje ol (Men) fin-C"]
[Site "Skopje"]
[Date "1972.??.??"]
[Round "11"]
[White "Sorri, Kari Juhani"]
[Black "Haigh, Geoff"]
[Result "1-0"]
[WhiteElo "2200"]
[BlackElo "2200"]

1.d4 Nf6 2.c4 e6 3.Nc3 c5 4.d5 exd5 5.cxd5 d6 6.Nf3 g6 7.g3 Bg7 8.Bg2 O-O
9.O-O Qe7 10.Nd2 a6 11.a4 Nbd7 12.Nc4 Ne5 13.Nxe5 Qxe5 14.Bf4 Qe7 15.Qd2 Rb8
16.Bh6 Bxh6 17.Qxh6 b5 18.Qd2 b4 19.Nd1 a5 20.Ne3 Ba6 21.Rac1 Nd7 22.Nc4 Bxc4
23.Rxc4 f5 24.Rcc1 Nf6 25.Rfe1 Rbe8 26.e3 Qg7 27.Qd3 Re5 28.Re2 Rfe8 29.Rce1 Qd7
30.Qa6 Qd8 31.Qc4 Kg7 32.h3 Ne4 33.Kh2 Nf6 34.g4 Qd7 35.gxf5 Qxf5 36.f4 R5e7
37.Bf3 Kg8 38.Qc1 Qd7 39.e4 Qxa4 40.e5 dxe5 41.fxe5  1-0

[Event "Skopje ol (Men) fin-B"]
[Site "Skopje"]
[Date "1972.??.??"]
[Round "12"]
[White "Johannessen, Svein"]
[Black "Rodriguez, Ruben"]
[Result "0-1"]
[WhiteElo "2440"]
[BlackElo "2400"]

1.d4 Nf6 2.c4 c5 3.d5 e6 4.Nc3 exd5 5.cxd5 d6 6.Nf3 g6 7.Bg5 Bg7 8.e3 O-O
9.Nd2 Na6 10.Be2 Nc7 11.O-O Qd7 12.e4 b5 13.a4 b4 14.Ncb1 Re8 15.f3 h6 16.Bh4 Nh5
17.Ra2 Nf4 18.Bc4 Nxg2 19.Kxg2 Qh3+ 20.Kh1 Qxh4 21.Qe1 Qf4 22.Qg3 Be5 23.Qxf4 Bxf4
24.b3 Bh3 25.Rg1 Re5 26.Bf1 Rh5 27.Nc4 Bd7 28.Re2 Re8 29.Rf2 Na8 30.Nbd2 Kg7
31.Bd3 Rb8 32.Nf1 Rg5 33.Nfe3 Nb6 34.Re2 Nxc4 35.Nxc4 Rxg1+ 36.Kxg1 Kf6  0-1

[Event "Skopje ol (Men) fin-C"]
[Site "Skopje"]
[Date "1972.??.??"]
[Round "14"]
[White "Onat, Ilhan"]
[Black "Chavez, Romelio"]
[Result "1-0"]
[WhiteElo "2320"]
[BlackElo "2200"]

1.d4 Nf6 2.c4 e6 3.Nf3 c5 4.d5 exd5 5.cxd5 d6 6.Nc3 g6 7.Bf4 Bg7 8.Qa4+ Bd7
9.Qb3 Qc7 10.e4 Nh5 11.Be3 a6 12.a4 O-O 13.Be2 f5 14.e5 f4 15.Bd2 c4 16.Bxc4 Bxe5
17.Nxe5 Re8 18.O-O Rxe5 19.Rfe1 Rf5 20.Ne4 b6 21.Bb4 Qd8 22.Bxd6 Be8 23.Be7 Qd7
24.d6+ Bf7 25.Bxf7+ Rxf7 26.Ng5 Qf5 27.Re5  1-0

[Event "Buenos Aires CA"]
[Site "Buenos Aires"]
[Date "1973.??.??"]
[Round "5"]
[White "Najdorf, Miguel"]
[Black "Pilnik, Herman"]
[Result "0-1"]
[WhiteElo "2540"]
[BlackElo "2450"]

1.d4 Nf6 2.c4 e6 3.Nc3 c5 4.d5 exd5 5.cxd5 d6 6.Nf3 g6 7.Nd2 Nbd7 8.e4 a6
9.a4 Bg7 10.Be2 O-O 11.O-O Re8 12.Qc2 Ne5 13.Nd1 g5 14.h3 Ng6 15.Ne3 Nf4
16.Re1 Nxe2+ 17.Rxe2 b6 18.Rb1 Ra7 19.b3 Rae7 20.f3 Nh5 21.Bb2 Bd4 22.Kh2 f5
23.Qc4 Bxb2 24.Rxb2 Re5 25.Rf2 g4 26.fxg4 fxg4 27.g3 gxh3 28.Qf1 Rg5 29.Nf5 Bxf5
30.Rxf5 Nxg3 31.Rxg5+ Qxg5 32.Qxh3 Nh5 33.Qg2 Qxg2+ 34.Kxg2 Nf4+ 35.Kf3 Nd3
36.Rb1 b5 37.axb5 axb5 38.Ra1 Ne5+ 39.Ke3 Rf8 40.Ra6 Rf6 41.Rb6 h5 42.Rxb5 h4
43.b4 c4 44.Kd4 h3 45.Ra5 h2 46.Ra1 Rg6  0-1

[Event "ARG-ch"]
[Site "Santa Fe"]
[Date "1973.??.??"]
[Round "6"]
[White "Jovanovich, M."]
[Black "Rossetto, Hector"]
[Result "0-1"]
[WhiteElo "2200"]
[BlackElo "2435"]

1.d4 Nf6 2.c4 e6 3.Nf3 c5 4.d5 exd5 5.cxd5 d6 6.Nc3 g6 7.e4 Bg7 8.Be2 O-O
9.O-O Re8 10.Nd2 a6 11.a4 Nbd7 12.f3 Ne5 13.Nc4 Nxc4 14.Bxc4 Nd7 15.Re1 Bd4+
16.Kh1 Qh4 17.g3 Qh5 18.Be3 Ne5 19.Bxd4 cxd4 20.Qxd4 Nxf3 21.Qf2 Nxe1 22.Rxe1 Qe5
23.Bf1 Re7 24.Bg2 Bg4 25.Qb6 Rf8 26.h3 Bc8 27.g4 f5 28.gxf5 Rxf5 29.Rf1 Rxf1+
30.Bxf1 Kg7 31.Qd8 Bd7 32.Bg2 Re8 33.Qb6 h5 34.a5 g5 35.Qe3 Kg6 36.Kg1 g4
37.hxg4 Bxg4 38.Na4 h4 39.Nb6 Re7 40.Qd3 Rc7 41.Bf1  0-1

[Event "DEN-ch"]
[Site "Copenhagen"]
[Date "1974.??.??"]
[Round "2"]
[White "Fedder, Steen"]
[Black "Iskov, Gert"]
[Result "0-1"]
[WhiteElo "2315"]
[BlackElo "2420"]

1.d4 Nf6 2.c4 e6 3.Nf3 c5 4.d5 exd5 5.cxd5 d6 6.Nc3 g6 7.e4 Bg7 8.Nd2 O-O
9.Be2 Nbd7 10.O-O Ne8 11.Nc4 Rb8 12.a4 Ne5 13.Ne3 f5 14.f4 Nf7 15.exf5 gxf5
16.Rf3 Nh6 17.Qc2 Qh4 18.Bd2 Ng4 19.Rh3 Nxe3 20.Bxe3 Qe7 21.Bd3 Bd7 22.Re1 Qf7
23.Bf2 Nc7 24.Be2 Rfe8 25.Rd1 Rec8 26.Bh5 Qf8 27.Bh4 Ne8 28.Be1 Nf6 29.Bf3 a6
30.Ne2 Re8 31.Bc3 b5 32.b3 Re7 33.axb5 axb5 34.Ng3 b4 35.Bb2 Ne4 36.Bxg7 Rxg7
37.Bxe4 fxe4 38.f5 Re8 39.Nh5 Rg5 40.Qb2 Re5 41.Rg3 Qh6 42.Qe2 Bxf5 43.Ra1 Kf7
44.Rxg5 Qxg5 45.Ng3 Bg6 46.Qa6 Qd8 47.h4 h5 48.Qf1+ Qf6 49.Qb5 Kg7 50.Rf1 Qxh4
51.Qb8 Qe7 52.Ra1 Qf6 53.Rf1 Qe7 54.Ra1 Qf8 55.Qc7+ Kh6 56.Rf1 Qe7 57.Qb8 h4
58.Qh8+ Kg5 59.Ne2 Rf5 60.Rxf5+ Kxf5 61.Qa1 Qe5 62.Qa8 Kg5 63.Qf8 Qf6 64.Qb8 e3
65.Kh2 Bf7 66.Qf8 Bxd5 67.Qc8 Be6 68.Qe8 h3 69.Ng3 Kh6 70.Qh5+ Kg7 71.Qe8 Qe5  0-1

[Event "DEN-ch"]
[Site "Copenhagen"]
[Date "1974.??.??"]
[Round "8"]
[White "Brinck Claussen, Bjorn"]
[Black "Moller, Lars"]
[Result "1-0"]
[WhiteElo "2390"]
[BlackElo "2315"]

1.d4 Nf6 2.c4 c5 3.d5 e6 4.Nc3 exd5 5.cxd5 d6 6.Nf3 g6 7.Nd2 Bg7 8.Nc4 O-O
9.Bg5 Na6 10.e3 Re8 11.Be2 Nc7 12.a4 b6 13.Rc1 Ba6 14.b3 Bxc4 15.bxc4 Qd7
16.Qc2 Na6 17.O-O Nb4 18.Qb1 h6 19.Bf4 Re7 20.Bd1 Rae8 21.a5 Rb8 22.a6 Nxa6
23.Nb5 Ne8 24.Ba4 Qd8 25.e4 Nb4 26.Bd2 Na6 27.f4 Nac7 28.Nxa7 Bd4+ 29.Kh1 Nf6
30.Nc6 Qf8 31.e5 Ng4 32.exd6 Re2 33.Nxd4 Rxd2 34.dxc7 Ra8 35.Nf3 Re2 36.Bd7 Ne3
37.Rfe1  1-0

[Event "Espergarde"]
[Site "Espergarde"]
[Date "1974.??.??"]
[Round "1"]
[White "Clausen, Martin"]
[Black "Wennerwald, P."]
[Result "1/2-1/2"]
[WhiteElo "2200"]
[BlackElo "2200"]

1.d4 Nf6 2.c4 c5 3.d5 e6 4.Nc3 exd5 5.cxd5 d6 6.Nf3 g6 7.Bf4 a6 8.a4 Bg7
9.e4 Bg4 10.Be2 Nh5 11.Be3 Nd7 12.Nd2 Bxe2 13.Qxe2 Ne5 14.O-O Qc8 15.f4 Ng4
16.Nc4 O-O 17.Nxd6 Qd7 18.Bxc5 b6 19.Bb4 Bd4+ 20.Kh1 f5 21.Nxf5 gxf5 22.Bxf8 Qd8
23.Qe1 Qxf8 24.Qh4 Qf7 25.e5 Ne3 26.Qg5+ Qg6 27.Qxg6+ hxg6 28.Rf3 Bxc3 29.Rxe3 Bd2
30.Rb3 Nxf4 31.Rxb6 Nxd5 32.Rd6 Rb8 33.Rxd5 Rxb2 34.h4 Bf4 35.Re1 Bg3 36.Rc1 Kg7
37.Rd7+ Kh6 38.Ra7 Bxe5 39.Rxa6 Rb4 40.Kg1 Rxh4 41.Rcc6 Bd4+ 42.Kf1 Rf4+
43.Ke2 Rg4 44.Kf3 Be5 45.Ra5 Rf4+ 46.Ke3 Re4+ 47.Kd3 Kh5 48.Rcc5 Rd4+ 49.Ke3 Re4+
50.Kd3 Rd4+ 51.Kc2 Bg7 52.Kb1 Rb4+ 53.Kc1 Bh6+ 54.Kd1 Rd4+ 55.Ke2 Rd2+ 56.Kf1 Rd1+
57.Ke2 Rd2+ 58.Kf1 Rd1+ 59.Ke2  1/2-1/2

[Event "HUN-ch"]
[Site "?"]
[Date "1974.??.??"]
[Round "?"]
[White "Farago, Ivan"]
[Black "Szilagyi, Peter"]
[Result "0-1"]
[WhiteElo "2475"]
[BlackElo "2420"]

1.d4 Nf6 2.c4 c5 3.d5 e6 4.Nc3 exd5 5.cxd5 d6 6.Nf3 g6 7.Nd2 Nbd7 8.e4 Bg7
9.Be2 O-O 10.O-O Re8 11.a4 Ne5 12.Qc2 g5 13.Nd1 g4 14.Ne3 Nh5 15.g3 Qf6 16.f4 gxf3
17.Nxf3 Bh3 18.Rf2 Nxf3+ 19.Bxf3 Qg6 20.Ng2 Bd4 21.Nh4 Qf6 22.Bxh5 Rxe4 23.Ng2 Rae8
24.Bf4 Qf5 25.g4 Qxf4  0-1

[Event "FRG-ch"]
[Site "Menden"]
[Date "1974.??.??"]
[Round "?"]
[White "Freise, Helmut"]
[Black "Krieger, Hermann"]
[Result "0-1"]
[WhiteElo "2200"]
[BlackElo "2200"]

1.d4 Nf6 2.c4 e6 3.Nc3 c5 4.d5 exd5 5.cxd5 d6 6.Nf3 g6 7.Nd2 Nbd7 8.e4 Bg7
9.Nc4 Nb6 10.Ne3 O-O 11.Be2 Qe7 12.Qc2 Re8 13.Bf3 Nxe4 14.Bxe4 Bxc3+ 15.Qxc3 Qxe4
16.O-O Bd7 17.Rd1 Qe5 18.Qxe5 Rxe5 19.b3 f5 20.Bb2 Re4 21.Rac1 Rae8 22.g3 f4
23.gxf4 Rxf4 24.Bc3 Bh3 25.Rd2 Ree4 26.Ba5 Nd7 27.Bc7 Ne5 28.Kh1 Nf7 29.Rc4 Rxe3  0-1

[Event "FRG-ch"]
[Site "Menden"]
[Date "1974.??.??"]
[Round "?"]
[White "Freise, Helmut"]
[Black "Wockenfuss, Klaus"]
[Result "0-1"]
[WhiteElo "2200"]
[BlackElo "2200"]

1.d4 Nf6 2.c4 e6 3.Nc3 c5 4.d5 exd5 5.cxd5 d6 6.Nf3 g6 7.g3 Bg7 8.Bg2 O-O
9.O-O Bg4 10.Nd2 Na6 11.Nc4 Nc7 12.a4 Re8 13.h3 Bf5 14.f3 b6 15.Re1 Bc8 16.Bf4 Nh5
17.Qd2 Nxf4 18.Qxf4 Bf8 19.e4 Ba6 20.Na3 Bg7 21.Qd2 Re7 22.f4 Ne8 23.Rad1 f6
24.Kh2 Rb8 25.h4 Bc8 26.Bh3 Bxh3 27.Kxh3 a6 28.Kh2 Reb7 29.Qe2 b5 30.axb5 axb5
31.Na2 Ra8 32.Nc1 Qd7 33.Nd3 Nc7 34.Qf3 Ra4 35.Nc2 Rb8 36.h5 Re8 37.hxg6 hxg6
38.e5 fxe5 39.fxe5 Rf8 40.Qg2 Bxe5 41.Nxe5 dxe5 42.d6 Ne8 43.Qd5+ Kg7 44.Qxe5+ Nf6
45.Rf1 Re4 46.Qc3 Re2+ 47.Kg1 Qh3 48.Rf2 Rxf2 49.Kxf2 b4 50.Qe5 Qh2+ 51.Ke1 Re8
52.Qxe8 Nxe8 53.d7 Qxg3+ 54.Kf1 Qf4+ 55.Kg2 Qg4+ 56.Kf2 Qh4+ 57.Kg2 Nd6 58.Ne3 Nf7  0-1

[Event "FRG-ch"]
[Site "Menden"]
[Date "1974.??.??"]
[Round "?"]
[White "Kunsztowicz, Uwe"]
[Black "Krieger, Hermann"]
[Result "1-0"]
[WhiteElo "2440"]
[BlackElo "2200"]

1.d4 Nf6 2.c4 e6 3.Nc3 c5 4.d5 exd5 5.cxd5 d6 6.Nf3 g6 7.g3 Bg7 8.Bg2 O-O
9.O-O a6 10.a4 Nbd7 11.Nd2 Rb8 12.Nc4 Nb6 13.Nxd6 Bg4 14.a5 Nh5 15.Nde4 Nc4
16.Nxc5 Re8 17.h3 Bc8 18.Qa4 b5 19.axb6 Nxb6 20.Qd1 Nc4 21.Ra2 Qc7 22.Qa4 Nd6
23.Nxa6 Bxa6 24.Qxa6 Rb3 25.g4  1-0